书目信息 |
| 题名: |
外交战略家毛泽东
|
|
| 作者: | 邓力群 主编 | |
| 分册: | 下册 | |
| 出版信息: | 北京 中央民族大学出版社 2004.01 |
|
| 页数: | 335-741页 | |
| 开本: | 24cm | |
| 丛书名: | 伟人毛泽东丛书 | |
| 单 册: | ||
| 中图分类: | A841.64 | |
| 科图分类: | ||
| 主题词: | 毛泽东思想--外交理论--研究 | |
| 电子资源: | ||
| ISBN: | 7-81056-851-5 | |
| 000 | 00869nam 2200241 450 | |
| 001 | 0140646952 | |
| 005 | 20050906174352.65 | |
| 010 | @a7-81056-851-5@dCNY75.20(全二册) | |
| 100 | @a20050405d2004 km y0chiy0120 ea | |
| 101 | 0 | @achi |
| 102 | @aCN@b110000 | |
| 105 | @ay z 000yy | |
| 200 | 1 | @a外交战略家毛泽东@Awai jiao zhan lue jia mao ze dong@h下册@f邓力群主编@Fdeng li qun zhu bian |
| 210 | @a北京@c中央民族大学出版社@d2004.01 | |
| 215 | @a335-741页@d24cm | |
| 225 | 2 | @a伟人毛泽东丛书 |
| 330 | @a本文集以新中国对外方针政策的主要奠基者毛泽东为研究对象,多方面阐述其外交战略思想,记述其建国后确定的外资大政方针,及对超级大国美国外交关系的处理等。 | |
| 410 | 0 | @12001 @a伟人毛泽东丛书 |
| 606 | 0 | @a毛泽东思想@x外交理论@x研究 |
| 690 | @aA841.64@v4 | |
| 701 | 0 | @a邓力群@Adeng li qun@4主编 |
| 801 | 0 | @aCN@bQSSK@c20050906 |
| 905 | @a10447@dA841.64@eD295: 2 | |
| 外交战略家毛泽东.下册/邓力群主编.-北京:中央民族大学出版社,2004.01 |
| 335-741页;24cm.-(伟人毛泽东丛书) |
| ISBN 7-81056-851-5:CNY75.20(全二册) |
| 本文集以新中国对外方针政策的主要奠基者毛泽东为研究对象,多方面阐述其外交战略思想,记述其建国后确定的外资大政方针,及对超级大国美国外交关系的处理等。 |
| ● |
| 相关链接 |
|
|
|
正题名:外交战略家毛泽东
索取号:A841.64/D295: 2
 
预约/预借
| 序号 | 登录号 | 条形码 | 馆藏地/架位号 | 状态 | 备注 |
| 1 | 561146 | 205611462 | 社科库509/509社科库 5排1列5层/ [索取号:A841.64/D295: 2] | 在馆 | |
| 2 | 561147 | 205611471 | 社科库509/509社科库 5排1列5层/ [索取号:A841.64/D295: 2] | 在馆 | |
| 3 | 561148 | 205611480 | 社科库509/509社科库 5排1列5层/ [索取号:A841.64/D295: 2] | 在馆 |